| 000 | 00914nam a2200241 a 4500 | ||
|---|---|---|---|
| 001 | 80413 | ||
| 003 | BD-RjUL | ||
| 005 | 20230405120344.0 | ||
| 008 | 220922s2008 bg a|||| m||| 00| 0 eng d | ||
| 035 | _a(BD-RjUL)80413 | ||
| 040 |
_aBD-RjUL _beng _cBD-RjUL _dBD-RjUL |
||
| 041 | _aeng | ||
| 082 |
_a519.535 _bISF 2008 _223 |
||
| 100 |
_aIslam, Md. Mogibul _94949 |
||
| 245 | 0 | 1 |
_aFactors Affecting Infant and Child Mortality in Bangladesh : _bA Multivariate Analysis / _cBy Md. Mogibul Islam ; _6Supervision : Md. Nurul Islam |
| 260 |
_aRajshahi : _bDepartment of Statistics, University of Rajshahi, _c2008 |
||
| 300 |
_ax, 119 Leaves : _bill, ; _c29 cm. |
||
| 502 | _aThesis (M. Phil.) -- Department of Statistics, University of Rajshahi, 2008 | ||
| 504 | _aBibliography : Leaves [115]-119 | ||
| 650 |
_aAffecting _vMultivarate Analysis _94950 |
||
| 700 |
_aIslam, Md. Nurul, Supervision _94951 |
||
| 942 |
_2ddc _cTHE |
||
| 999 |
_c80413 _d80413 |
||